|
|
|
|
| LEADER |
02003nam a2200421 i 4500 |
| 001 |
34391 |
| 003 |
BD-DhAAL |
| 005 |
20190325113423.0 |
| 008 |
190325t20182018nyua b 001 0 eng |
| 999 |
|
|
|c 40531
|d 40531
|
| 010 |
|
|
|a 2017061291
|
| 020 |
|
|
|a 9781138243361
|q hardback
|
| 020 |
|
|
|a 1138243361
|q hardback
|
| 020 |
|
|
|a 9781315277332 (ebook)
|
| 035 |
|
|
|a (OCoLC)1028659865
|
| 035 |
|
|
|a 10355083
|
| 040 |
|
|
|a DLC
|b eng
|e rda
|c DLC
|d OCLCF
|d YDX
|d OCLCO
|d IUL
|d BD-DhAAL
|
| 042 |
|
|
|a pcc
|
| 050 |
0 |
0 |
|a P203
|b .B87 2018
|
| 082 |
0 |
4 |
|a 401.2
|2 23
|
| 100 |
1 |
|
|a Burkette, Allison
|e author.
|9 30585
|
| 245 |
1 |
0 |
|a Language and classification :
|b meaning-making in the classification and categorization of ceramics /
|c Allison Burkette.
|
| 246 |
3 |
0 |
|a Language and classification
|
| 260 |
|
|
|a New York, NY :
|b Routledge, Taylor & Francis Group,
|c c2018
|
| 300 |
|
|
|a ix, 161 pages :
|b illustrations ;
|c 24 cm.
|
| 490 |
1 |
|
|a Routledge studies in sociolinguistics ;
|v 20
|
| 504 |
|
|
|a Includes bibliographical references (pages [150]-158) and index.
|
| 505 |
0 |
|
|a Introduction: Negotiating classification -- Ceramics classification -- Teaching classification: classroom typology -- Classification in the field: historical archaeology -- Classification down the scope: thin-section petrography -- Classification via reactor: instrumental neutron activation analysis -- Classification as personal interpretation -- Conclusion.
|
| 526 |
|
|
|a ENH
|
| 541 |
|
|
|a Parama Publishers
|e 34391
|
| 650 |
|
0 |
|a Language and languages
|v Classification.
|9 30586
|
| 650 |
|
0 |
|a Typology (Linguistics)
|9 30587
|
| 650 |
|
0 |
|a Linguistic universals.
|9 30588
|
| 650 |
|
0 |
|a Anthropological linguistics.
|9 30589
|
| 650 |
|
7 |
|a Language and languages.
|9 30590
|
| 830 |
|
0 |
|a Routledge studies in sociolinguistics ;
|v 20.
|9 30592
|
| 942 |
|
|
|2 ddc
|c BK
|
| 952 |
|
|
|0 0
|1 0
|2 ddc
|4 0
|6 401_200000000000000_BUR
|7 0
|9 65150
|a BRACUL
|b BRACUL
|c GEN
|d 2019-02-26
|e Parama Publishers
|g 8165.00
|l 0
|o 401.2 BUR
|p 3010034391
|r 2019-02-26
|t 1
|v 8165.00
|w 2019-02-26
|y BK
|